Statistics for IMDB Top Movies by Quote

Click here to take the quiz!

General Stats

  • This quiz has been taken 918 times
  • The average score is 17 of 52

Answer Stats

HintAnswer% Correct
It's a Sicilian message. It means Luca Brasi sleeps with the fishes.The Godfather
92%
Do you know what they call a Quarter Pounder with cheese in France?Pulp Fiction
73%
Let me tell you something my friend. Hope is a dangerous thing. Hope can drive a man insane.The Shawshank Redemption
69%
You either die a hero or you live long enough to see yourself become the villain.The Dark Knight
66%
What's in the box?Se7en
65%
I do wish we could chat longer, but... I'm having an old friend for dinner. Bye.The Silence of the Lambs
62%
I'm not a smart man... but I know what love is.Forrest Gump
61%
You're gonna need a bigger boat.Jaws
57%
Play it once, Sam. For old times' sake.Casablanca
55%
From the ashes, a fire shall be woken. A light from the shadow shall spring. Renewed shall be blade that was broken. The crownless again shall be king.The Lord of the Rings: The Return of the King
54%
Do not try and bend the spoon. That's impossible. Instead... only try to realize the truth.The Matrix
54%
It's not like my mother is a maniac or a raving thing. She just goes a little mad sometimes. We all go a little mad sometimes. Haven't you?Psycho
51%
Well, that is your name, isn't it? Calvin Klein? It's written all over your underwear.Back to the Future
48%
After that my guess is that you will never hear from him again. The greatest trick the devil ever pulled was convincing the world he did not exist. And like that... he is gone.The Usual Suspects
48%
They say we only use a fraction of our brain's true potential. Now that's when we're awake. When we're asleep, we can do almost anything.Inception
47%
There are many things my father taught me here in this room. He taught me: keep your friends close, but your enemies closer.The Godfather Part II
47%
I'm the Dude. So that's what you call me. You know, that or, uh, His Dudeness, or uh, Duder, or El Duderino if you're not into the whole brevity thing.The Big Lebowski
46%
Jimmy was the kind of guy that rooted for bad guys in the movies.Goodfellas
45%
Control, control, you must learn control!Star Wars: Episode V- The Empire Strikes Back
43%
Everything you see exists together in a delicate balance. As king, you need to understand that balance and respect all the creatures, from the crawling ant to the leaping antelope.The Lion King
40%
Listen up, maggots. You are not special. You are not a beautiful or unique snowflake. You're the same decaying organic matter as everything else.Fight Club
38%
I could have got more out. I could have got more. I don't know. If I'd just... I could have got more.Schindler's List
34%
That's the only way. We'll move in pairs. We'll go step by step and cut off every bulkhead and every vent until we have it cornered. And then we'll blow it the fuck out into space! Is that acceptable to you?Alien
33%
I've seen horrors... horrors that you've seen. But you have no right to call me a murderer. You have a right to kill me. You have a right to do that... but you have no right to judge me.Apocalypse Now
32%
There's a big snake in the plane, Jock!Raiders of the Lost Ark
29%
You see, in this world there's two kinds of people, my friend: Those with loaded guns and those who dig. You dig.The Good, The Bad, and The Ugly
27%
I never had any friends later on like the ones I had when I was twelve. Jesus, does anyone?Stand By Me
26%
What we got here... is a failure to communicate.Cool Hand Luke
25%
What... is the air-speed velocity of an unladen swallow?Monty Python and the Holy Grail
25%
You keep using that word. I do not think it means what you think it means.The Princess Bride
25%
This is one time where television really fails to capture the true excitement of a large squirrel predicting the weather.Groundhog Day
24%
You want to leave? You want to go off and fight the war? All right. All right. I won't stop you. I'll even put in the paperwork. I just know that every man I kill the farther away from home I feel.Saving Private Ryan
24%
It's always difficult to keep personal prejudice out of a thing like this. And wherever you run into it, prejudice always obscures the truth. I don't really know what the truth is. I don't suppose anybody will ever really know.12 Angry Men
22%
If I'm King, where's my power? Can I form a government? Can I levy a tax, declare a war? No! And yet I am the seat of all authority. Why? Because the nation believes that when I speak, I speak for them. But I can't speak.The King's Speech
21%
The unknown future rolls toward us. I face it, for the first time, with a sense of hope.Terminator 2: Judgement Day
20%
On the day of my judgment, when I stand before God, and He asks me why did I kill one of his true miracles, what am I gonna say? That it was my job? My job?The Green Mile
20%
I want an official Red Ryder, carbine action, two-hundred shot range model air rifle!A Christmas Story
19%
Strange, isn't it? Each man's life touches so many other lives. When he isn't around he leaves an awful hole, doesn't he?It's a Wonderful Life
17%
Not all treasure is silver and gold, mate.Pirates of the Caribbean
17%
What do you think you are, for Chrissake, crazy or somethin'? Well you're not! You're not! You're no crazier than the average asshole out walkin' around on the streets and that's it.One Flew Over the Cuckoos Nest
16%
Plastics.The Graduate
16%
Remember those posters that said, "Today is the first day of the rest of your life"? Well, that's true of every day but one - the day you die.American Beauty
15%
Can you believe it? We're in the middle of a drought, and the water commissioner drowns. Only in L.A.Chinatown
15%
Tuesday night's plastic corrosion awareness meeting, was I think, a big success. We'd like to thank Mr. Spell for putting that on for us. Thank you Mr. Spell.Toy Story
14%
This time John Wayne does not walk off into the sunset with Grace Kelly.Die Hard
13%
Here's to five miserable months on the wagon, and all the irreparable harm it has caused me.The Shining
12%
You really have got a lid on it, haven't you? What's your secret? Mellow jazz? Bongo drums? Huge bag of weed?The Avengers
11%
You're not perfect, sport, and let me save you the suspense: this girl you've met, she's not perfect either. But the question is whether or not you're perfect for each other.Good Will Hunting
10%
Hey, you wanna hear my philosophy of life? Do it to him before he does it to you.On the Waterfront
8%
Say, Lou, didya hear the one about the guy who couldn't afford personalized plates, so he went and changed his name to J3L2404?Fargo
6%
Love is too weak a word for what I feel - I luuurve you, you know, I loave you, I luff you, two F's, yes I have to invent, of course I - I do, don't you think I do?Annie Hall
5%
A heart is not judged by how much you love; but by how much you are loved by others.The Wizard of Oz
3%

Score Distribution

Percentile by Number Answered

Percent of People with Each Score

Your Score History

You have not taken this quiz